El proceso de la basura /

Guardado en:
Autor Corporativo: Educable.
Formato: Deslizar
Series:Ciencia y sociedad
Materias:
Etiquetas: Agregar Etiqueta
Sin Etiquetas, Sea el primero en etiquetar este registro!
LEADER 00916ngm a22002655g 4500
001 CEM.cems022510
008 130507b2000##################0###0#####d
005 20241105160507.0
245 1 0 |a El proceso de la basura /  |c Educable. 
300 |a 24'. 
490 0 |a Ciencia y sociedad 
500 |a En soporte VHS, consultar en ventanilla. 
505 0 |a Los residuos inorgánicos. El tiempo de la naturaleza para absorber los materiales. El relleno sanitario. El reciclado. 
538 |a Soporte: VHS - Norma: Pal N - Color: Si - Grabación DRD 2000 - Hitachi=4635 
110 2 |a Educable. 
082 5 7 |. 5/TVQ 
653 |a MEDIO AMBIENTE 
653 |a CONTAMINACION 
653 |a RESIDUOS INORGANICOS 
653 |a BASURA 
653 |a RELLENO SANITARIO 
653 |a RECICLADO 
653 |a NIVEL PRIMARIO 
653 |a NIVEL SECUNDARIO 
859 |a CEMS  |b BIB. CEMS - Depto. Recursos Didacticos  |h 574.5  |i TVQ  |k DRD  |p 1153.12  |t Ej.1